000 01346nam0a22002891 4500
001 v19\rc\1828364
005 20260407002428.0
035 _a(NLR Aleph) 004924586
090 _a5614421
_c5614421
100 _a20071224d1908 |||y0rusy50 ca
101 0 _arus
102 _aRU
105 _aa z |||||
200 1 _aДоклад городского инженера г. Самары К.В. Богоявленского Самарской городской управе
_eПо вопросу о прорытии Аннаев. косы у г. Самары
_eБрош. и черт.
210 _aСамара
_cтип. В.М. Костина
_d1908
215 _a27 с., 7 л. черт.
_d27
309 _aБез общ. тит. л. Описано по общ. обл.-папке. Брош. имеет также отд. обл.
532 1 2 _aДоклад городского инженера города Самары К.В. Богоявленского Самарской городской управе
700 1 _aБогоявленский
_bК.В.
712 0 2 _aСамарская городская управа
_3RU\NLR\AUTH\889992997
_9482359
801 0 _aRU
_bNLR
_gpsbo
801 0 _aRU
_bRuMoRGB
_2psbo
801 1 _aRU
_bProSoft-M
_2rusmarc
852 _aNLR
_j34.87.3.506
899 _aRuMoRGB
_jU 336/673
942 _cBOOK
980 _aNB